Les communes de + 3000 habitants, les plus peuplées d'Ardèche (07) - Statistiques

Statistiques générales
  • Ce quiz a été pris 101 fois
  • Le résultat moyen est 7 sur 13
Statistiques - réponses
Population Réponse % Correct
8 312 Privas
98%
11 505 Aubenas
89%
15 983 Annonay
82%
10 781 Tournon-sur-Rhône
74%
8 197 Le Teil
59%
10 968 Guilherand-Granges
53%
7 311 Saint-Péray
42%
7 203 Bourg-Saint-Andéol
36%
5 115 La Voulte-sur-Rhône
35%
3 032 Davézieux
34%
3 412 Vals-les-Bains
29%
3 098 Le Cheylard
28%
3 861 Viviers
28%
Aucun quiz correspondant
Distribution des résultats
% des personnes avec chaque résultat
Percentile par nombre de réponses
Votre historique - résultats
Vous n’avez pas pris ce quiz